00597 a2200157 45000010006000000050017000060080041000230030015000640400040000790800093001192450060002122640036002723000019003080410008003271000104003355327820260407155807.0260407a1981 arg spa dAR-UNSa-BCEJYS aAR-UNSa-BCEJYSbspacAR-UNSa-BCEJYS a339.92xCooperación económica internacional. Integración económica internacional10aEl proceso de integración en América Latina en 1980 1aBuenos Aires :bBID-INTALc1981 a355 p.c22 cm. aspa1 aBanco Interamericano de Desarrollo. Instituto para la Integración de América Latina (BID-INTAL)